Causal inference in statistics : a primer /

Bibliographic Details
Main Authors: Pearl, Judea (Author), Glymour, Madelyn (Author), Jewell, Nicholas P., 1952- (Author)
Corporate Author: ebrary, Inc
Format: eBook
Language:English
Published: Chichester, West Sussex, UK : John Wiley & Sons Ltd, 2016.
Subjects:
Online Access:Connect to the full text of this electronic book

MARC

Tag First Indicator Second Indicator Subfields
LEADER 00000cam a2200000 i 4500
001 in00003615313
006 m o d
007 cr |||||||||||
008 151001s2016 enka ob 001 0 eng
005 20250816222506.0
010 |a  2015037219 
020 |a 9781119186861  |q electronic publication 
020 |a 1119186862  |q electronic publication 
020 |a 9781119186854  |q Adobe electronic book 
020 |a 1119186854  |q Adobe electronic book 
020 |z 9781119186847  |q paperback 
024 8 |a 99967617285 
035 |a (NhCcYBP)ebr11151663 
040 |a NhCcYBP  |c NhCcYBP  |d UtOrBLW 
042 |a pcc 
050 4 |a QA276.A2  |b P43 2016 
072 7 |a MAT  |x 003000  |2 bisacsh 
072 7 |a MAT  |x 029000  |2 bisacsh 
082 0 0 |a 519.5/4  |2 23 
100 1 |a Pearl, Judea,  |e author.  |0 http://id.loc.gov/authorities/names/n83071112 
245 1 0 |a Causal inference in statistics :  |b a primer /  |c Judea Pearl, Madelyn Glymour, Nicholas P. Jewell. 
264 1 |a Chichester, West Sussex, UK :  |b John Wiley & Sons Ltd,  |c 2016. 
300 |a 1 online resource. 
336 |a text  |b txt  |2 rdacontent 
337 |a computer  |b c  |2 rdamedia 
338 |a online resource  |b cr  |2 rdacarrier 
504 |a Includes bibliographical references and index. 
505 0 |a Preliminaries : statistical and causal models -- Graphical models and their applications -- The effects of interventions -- Counterfactuals and their applications. 
588 |a Description based on online resource; title from digital title page (viewed on March 28, 2016). 
500 |a Electronic resource. 
650 0 |a Mathematical statistics.  |0 http://id.loc.gov/authorities/subjects/sh85082133 
650 0 |a Causation.  |0 http://id.loc.gov/authorities/subjects/sh85021459 
650 0 |a Probabilities.  |0 http://id.loc.gov/authorities/subjects/sh85107090 
655 7 |a Electronic books.  |2 local 
700 1 |a Glymour, Madelyn,  |e author.  |0 http://id.loc.gov/authorities/names/no2015120838 
700 1 |a Jewell, Nicholas P.,  |d 1952-  |e author.  |0 http://id.loc.gov/authorities/names/n92802491 
710 2 |a ebrary, Inc.  |0 http://id.loc.gov/authorities/names/no2007088509 
776 1 8 |i Print version:  |a Pearl, Judea, author.  |t Causal inference in statistics  |d Chichester, UK ; Hoboken, NJ : John Wiley & Sons, 2016  |z 9781119186847  |w (DLC) 2015033010 
856 4 1 |u https://ebookcentral.proquest.com/lib/tamucs/detail.action?docID=4383483  |y Connect to the full text of this electronic book  |t 0 
955 |a YBP purchased DDA e-records 
980 |b 69.75  |g 1 
987 |a ybp12831447 
999 f f |s 4e6e521e-271d-3b03-9d94-3d39953bdcdd  |i 013da1cb-012d-3475-9039-824a552f8239  |t 0 
952 f f |a Texas A&M University  |b College Station  |c Electronic Resources  |d Available Online  |t 0  |e QA276.A2 P43 2016  |h Library of Congress classification 
998 f f |a QA276.A2 P43 2016  |t 0  |l Available Online